| 000 | 00331nam a2200133Ia 4500 | ||
|---|---|---|---|
| 005 | 20251222155113.0 | ||
| 008 | 251222s9999||||xx |||||||||||||| ||spa|| | ||
| 082 | _aSIQ. 53.1-2/Ej.2 | ||
| 100 | _aArieh Y. Shalev M.D | ||
| 245 | 0 | _aEstrés traumático y sus consecuencias | |
| 250 | _a1ra. ed. | ||
| 264 | _bOPS/OMS | ||
| 942 | _cLIB | ||
| 999 |
_c38138 _d38138 |
||